Constantes philosophiques de l'etre

保存先:
書誌詳細
第一著者: Gilson, Étienne (autor)
フォーマット: 図書
言語:フランス語
出版事項: París Librairie Philosophique J. Vrin 1983
シリーズ:Bibliotheque des Textes Philosophiques
主題:
タグ: タグ追加
タグなし, このレコードへの初めてのタグを付けませんか!

MARC

LEADER 00000nam a2200000 a 4500
001 UCX3222
003 CL-VaPUC
008 911015e19830000FR |||||||||||||||||fre|d
082 0 4 |a 111  |b GIL  |2 21 
100 |a Gilson, Étienne  |e autor  |9 349171 
245 1 0 |a Constantes philosophiques de l'etre 
300 |a 253 p 
942 |c BK 
945 |d 19911015 00:00:00 
260 |a París  |b Librairie Philosophique J. Vrin  |c 1983 
650 0 |a Ontología   |9 256850 
583 |a last modification  |c 19911015 00:00:00  |k Rodrigo Vera 
490 0 |a Bibliotheque des Textes Philosophiques 
999 |c 224029  |d 224027 
952 |0 0  |1 0  |4 0  |6 111_000000000000000_GIL_1983  |7 0  |8 P  |9 220393  |a BIBEDU  |b BIBEDU  |c BIBEDU_PB  |d 2019-11-15  |i 2891107  |o 111 GIL 1983  |p 2891107  |r 2024-01-25  |w 2019-11-15  |y BK  |k FIL